000 00552nam a2200205Ia 4500
008 191130s2007##################000#0#eng##
020 _a9780415177191
040 _aACL
_cACL
082 _a301 WIL
100 _aWilliams, Gertrude
245 _aThe price of social security
_cGertrude Williams
250 _a1st edition
260 _aOxon
_b[publisher not identified]
_c2007
300 _avii, 208p
500 _aIncludes index
650 _aSocial Science
990 _afaee7a56ac10000c583d7f43db744ed2
991 _a131897
999 _c65489
_d65489